The West Wing, season 7 / (Record no. 324274)
[ view plain ]
| 000 -LEADER | |
|---|---|
| fixed length control field | 04308cgm a2200853Ma 4500 |
| 001 - CONTROL NUMBER | |
| control field | on1130077466 |
| 003 - CONTROL NUMBER IDENTIFIER | |
| control field | OCoLC |
| 005 - DATE AND TIME OF LATEST TRANSACTION | |
| control field | 20200320223322.0 |
| 007 - PHYSICAL DESCRIPTION FIXED FIELD--GENERAL INFORMATION | |
| fixed length control field | vd cvaizk |
| 008 - FIXED-LENGTH DATA ELEMENTS--GENERAL INFORMATION | |
| fixed length control field | 060829p20062005cau957 g vleng d |
| 020 ## - INTERNATIONAL STANDARD BOOK NUMBER | |
| International Standard Book Number | 1419835483 |
| 020 ## - INTERNATIONAL STANDARD BOOK NUMBER | |
| International Standard Book Number | 9781419835483 |
| 024 1# - OTHER STANDARD IDENTIFIER | |
| Standard number or code | 012569819818 |
| 028 42 - PUBLISHER NUMBER | |
| Publisher number | 81981 |
| Source | Warner Home Video |
| 035 ## - SYSTEM CONTROL NUMBER | |
| System control number | (OCoLC)1130077466 |
| 037 ## - SOURCE OF ACQUISITION | |
| Source of stock number/acquisition | Midwest Tape |
| Note | http://www.midwesttapes.com |
| 040 ## - CATALOGING SOURCE | |
| Original cataloging agency | EHK |
| Language of cataloging | eng |
| Transcribing agency | EHK |
| Modifying agency | OCLCO |
| -- | OCLCF |
| -- | WACOL |
| 041 1# - LANGUAGE CODE | |
| Language code of text/sound track or separate title | eng |
| -- | eng |
| -- | fre |
| -- | spa |
| Language code of original and/or intermediate translations of text | eng |
| 043 ## - GEOGRAPHIC AREA CODE | |
| Geographic area code | n-us-dc |
| 049 ## - LOCAL HOLDINGS (OCLC) | |
| Holding library | WACL |
| 050 14 - LIBRARY OF CONGRESS CALL NUMBER | |
| Classification number | PN1992.77 |
| Item number | .W478 2006 |
| 082 04 - DEWEY DECIMAL CLASSIFICATION NUMBER | |
| Classification number | 791.45/75 |
| Edition number | 22 |
| 092 ## - LOCALLY ASSIGNED DEWEY CALL NUMBER (OCLC) | |
| Classification number | DVD |
| Item number | Wes |
| 245 04 - TITLE STATEMENT | |
| Title | The West Wing, season 7 / |
| Statement of responsibility, etc | John Wells Productions ; Warner Bros. Television. |
| 246 33 - VARYING FORM OF TITLE | |
| Title proper/short title | West Wing |
| 264 #1 - Production, Publication, Distribution, Manufacture, and Copyright Notice. | |
| Place of production, publication, distribution, manufacture | Burbank, CA : |
| Name of producer, publisher, distributor, manufacturer | Warner Home Video, |
| Date of production, publication, distribution, manufacture, or copyr | 2006. |
| 300 ## - PHYSICAL DESCRIPTION | |
| Extent | 6 videodiscs (approximately 957 min.) : |
| Other physical details | sound, color ; |
| Dimensions | 4 3/4 in. |
| 336 ## - Content Type | |
| Content type term | two-dimensional moving image |
| 337 ## - Media type | |
| Media type term | video |
| 338 ## - Carrier type | |
| Carrier type term | videodisc |
| 538 ## - SYSTEM DETAILS NOTE | |
| System details note | DVD, region 1, widescreen (1.78:1, enhanced) presentation; Dolby Digital stereo., surround, dual-layer. |
| 546 ## - LANGUAGE NOTE | |
| Language note | English dialogue with optional French or Spanish subtitles; closed-captioned. |
| 500 ## - GENERAL NOTE | |
| General note | Title from container. |
| 511 1# - PARTICIPANT OR PERFORMER NOTE | |
| Participant or performer note | Alan Alda, Stockard Channing, Kristin Chenoweth, Dulé Hill, Allison Janney, Joshua Malina, Mary McCormack, Janel Moloney, Richard Schiff, John Spencer, Bradley Whitford, Jimmy Smits, Martin Sheen. |
| 508 ## - CREATION/PRODUCTION CREDITS NOTE | |
| Creation/production credits note | Created by Aaron Sorkin. |
| 500 ## - GENERAL NOTE | |
| General note | Originally broadcast on television during the 2005-2006 season. |
| 500 ## - GENERAL NOTE | |
| General note | Contains all 22 episodes from the seventh season. |
| 521 8# - TARGET AUDIENCE NOTE | |
| Target audience note | Not rated. |
| 520 ## - SUMMARY, ETC. | |
| Summary, etc | This season chronicles the transition between the administration of President Bartlet and the race for the new presidency between Congressman Santos and Senator Vinick. |
| 505 0# - FORMATTED CONTENTS NOTE | |
| Formatted contents note | Disc 1: The ticket ; The mommy problem ; Message of the week ; Mr. Frost -- Disc 2: Here today ; The Al Smith dinner ; The debate (West Coast) -- Disc 3: Undecideds ; The wedding ; Running mates ; Internal displacement -- Disc 4: Duck and cover ; The cold ; Two weeks out ; Welcome to wherever you are -- Disc 5: Election day part 1 ; Election day part 2 ; Requiem ; Transition -- Disc 6: The last hurrah ; Institutional memory ; Tomorrow. |
| 500 ## - GENERAL NOTE | |
| General note | Special features: Live from the director's chair: a multiangle view from the truck as the director calls the live debate episode; Countdown to 'West wing' live. |
| 521 ## - TARGET AUDIENCE NOTE | |
| Target audience note | DVD |
| Source | Midwest Tape |
| 610 10 - SUBJECT ADDED ENTRY--CORPORATE NAME | |
| Corporate name or jurisdiction name as entry element | United States. |
| Subordinate unit | White House Office |
| Form subdivision | Drama. |
| 9 (RLIN) | 6019750 |
| 650 #0 - SUBJECT ADDED ENTRY--TOPICAL TERM | |
| Topical term or geographic name as entry element | Presidents |
| Geographic subdivision | United States |
| General subdivision | Election |
| Form subdivision | Drama. |
| 9 (RLIN) | 6019751 |
| 650 #0 - SUBJECT ADDED ENTRY--TOPICAL TERM | |
| Topical term or geographic name as entry element | Presidents |
| General subdivision | Transition periods |
| Form subdivision | Drama. |
| 9 (RLIN) | 6019752 |
| 610 17 - SUBJECT ADDED ENTRY--CORPORATE NAME | |
| Corporate name or jurisdiction name as entry element | United States. |
| Subordinate unit | White House Office. |
| Source of heading or term | fast |
| -- | (OCoLC)fst00586967 |
| 9 (RLIN) | 20126 |
| 650 #7 - SUBJECT ADDED ENTRY--TOPICAL TERM | |
| Topical term or geographic name as entry element | Presidents |
| General subdivision | Election. |
| Source of heading or term | fast |
| -- | (OCoLC)fst01075747 |
| 9 (RLIN) | 89956 |
| 650 #7 - SUBJECT ADDED ENTRY--TOPICAL TERM | |
| Topical term or geographic name as entry element | Presidents |
| General subdivision | Transition periods. |
| Source of heading or term | fast |
| -- | (OCoLC)fst01075823 |
| 9 (RLIN) | 94502 |
| 651 #7 - SUBJECT ADDED ENTRY--GEOGRAPHIC NAME | |
| Geographic name | United States. |
| Source of heading or term | fast |
| -- | (OCoLC)fst01204155 |
| 9 (RLIN) | 6019753 |
| 655 #0 - INDEX TERM--GENRE/FORM | |
| Genre/form data or focus term | Melodrama on television. |
| 9 (RLIN) | 5761987 |
| 655 #7 - INDEX TERM--GENRE/FORM | |
| Genre/form data or focus term | Drama. |
| Source of term | fast |
| -- | (OCoLC)fst01423879 |
| 9 (RLIN) | 5673873 |
| 655 #7 - INDEX TERM--GENRE/FORM | |
| Genre/form data or focus term | Television programs. |
| Source of term | fast |
| -- | (OCoLC)fst01726253 |
| 9 (RLIN) | 6019754 |
| 655 #7 - INDEX TERM--GENRE/FORM | |
| Genre/form data or focus term | Video recordings for the hearing impaired. |
| Source of term | fast |
| -- | (OCoLC)fst01710450 |
| 9 (RLIN) | 6019755 |
| 655 #7 - INDEX TERM--GENRE/FORM | |
| Genre/form data or focus term | Television programs. |
| Source of term | lcgft |
| 9 (RLIN) | 6019754 |
| 655 #7 - INDEX TERM--GENRE/FORM | |
| Genre/form data or focus term | Video recordings for the hearing impaired. |
| Source of term | lcgft |
| 9 (RLIN) | 6019755 |
| 700 1# - ADDED ENTRY--PERSONAL NAME | |
| Personal name | Alda, Alan, |
| Dates associated with a name | 1936- |
| 9 (RLIN) | 18821 |
| 700 1# - ADDED ENTRY--PERSONAL NAME | |
| Personal name | Channing, Stockard. |
| 9 (RLIN) | 23391 |
| 700 1# - ADDED ENTRY--PERSONAL NAME | |
| Personal name | Chenoweth, Kristin. |
| 9 (RLIN) | 66068 |
| 700 1# - ADDED ENTRY--PERSONAL NAME | |
| Personal name | Hill, Dulé. |
| 9 (RLIN) | 59376 |
| 700 1# - ADDED ENTRY--PERSONAL NAME | |
| Personal name | Janney, Allison. |
| 9 (RLIN) | 66527 |
| 700 1# - ADDED ENTRY--PERSONAL NAME | |
| Personal name | Malina, Joshua, |
| Dates associated with a name | 1966- |
| 9 (RLIN) | 68823 |
| 700 1# - ADDED ENTRY--PERSONAL NAME | |
| Personal name | McCormack, Mary, |
| Dates associated with a name | 1969- |
| 9 (RLIN) | 64472 |
| 700 1# - ADDED ENTRY--PERSONAL NAME | |
| Personal name | Moloney, Janel, |
| Dates associated with a name | 1969- |
| 9 (RLIN) | 71869 |
| 700 1# - ADDED ENTRY--PERSONAL NAME | |
| Personal name | Schiff, Richard, |
| Dates associated with a name | 1955- |
| 9 (RLIN) | 5919132 |
| 700 1# - ADDED ENTRY--PERSONAL NAME | |
| Personal name | Spencer, John, |
| Dates associated with a name | 1946-2005. |
| 9 (RLIN) | 65341 |
| 700 1# - ADDED ENTRY--PERSONAL NAME | |
| Personal name | Whitford, Bradley. |
| 9 (RLIN) | 64788 |
| 700 1# - ADDED ENTRY--PERSONAL NAME | |
| Personal name | Smits, Jimmy. |
| 9 (RLIN) | 30271 |
| 700 1# - ADDED ENTRY--PERSONAL NAME | |
| Personal name | Sheen, Martin. |
| 9 (RLIN) | 15714 |
| 710 2# - ADDED ENTRY--CORPORATE NAME | |
| Corporate name or jurisdiction name as entry element | Warner Home Video (Firm) |
| 9 (RLIN) | 61103 |
| 942 ## - ADDED ENTRY ELEMENTS (KOHA) | |
| Koha item type | DVD |
| 948 ## - LOCAL PROCESSING INFORMATION (OCLC); SERIES PART DESIGNATOR (RLIN) | |
| Series part designator, SPT (RLIN) | 02/06/2020 |
| z (OCLC) | Sirsi |
| 994 ## - | |
| -- | C0 |
| -- | WACOL |
| 996 ## - | |
| -- | 174977 |
| -- | 34301001678798 |
| -- | DVD |
| -- | DVD |
| -- | wcl |
| -- | i |
| -- | 0 |
| -- | 39.99 |
| -- | .CIRCNOTE. 6 discs |
| -- | Midwest Tape |
| -- | Wes |
| -- | 02/06/2020 |
| -- | 02/06/2020 |
| Withdrawn status | Lost status | Source of classification or shelving scheme | Materials specified (bound volume or other part) | Damaged status | Not for loan | Collection code | Home library | Current library | Shelving location | Date acquired | Source of acquisition | Cost, normal purchase price | Total Checkouts | Total Renewals | Full call number | Barcode | Date last seen | Date checked out | Cost, replacement price | Price effective from | Koha item type |
|---|---|---|---|---|---|---|---|---|---|---|---|---|---|---|---|---|---|---|---|---|---|
| Dewey Decimal Classification | .CIRCNOTE. 6 discs | Television Series | Wasatch County Library | Wasatch County Library | Audio Visual Area | 02/06/2020 | 39.99 | 5 | 8 | TV Series West Wing #7 | 34301001678798 | 04/22/2025 | 03/31/2025 | 39.99 | 03/20/2020 | DVD Series |
